[Event "Rated Blitz tournament QBP2rB6P"]
[Site "?"]
[Date "2021.04.12"]
[Round "?"]
[White "ANIMAL1984"]
[Black "ChessMeraki"]
[Result "0-1"]
[WhiteElo "2483"]
[BlackElo "2388"]
[PlyCount "80"]
[EventDate "2021.??.??"]
[EventType "blitz"]

1. e4 e5 2. Nf3 d5 3. Nxe5 dxe4 4. d4 Bd6 5. Nc4 Nc6 6. Nc3 Nf6 7. h3 O-O 8.
Bg5 Be7 9. d5 Nxd5 10. Qxd5 Bxg5 11. Qxd8 Rxd8 12. Rd1 Rxd1+ 13. Kxd1 Bf5 14.
a3 Rd8+ 15. Ke1 a6 16. Be2 b5 17. Ne3 Bxe3 18. fxe3 h5 19. Bxh5 Ne5 20. Be2 c5
21. Rf1 Bg6 22. Rf4 f5 23. g4 fxg4 24. hxg4 Nf3+ 25. Bxf3 exf3 26. Rxf3 Bxc2
27. Rf4 c4 28. Rd4 Rf8 29. Nd5 Bd3 30. Nf4 Bb1 31. Kf2 g5 32. Kg3 gxf4+ 33.
exf4 Rc8 34. f5 a5 35. Kf4 b4 36. axb4 axb4 37. g5 c3 38. bxc3 bxc3 39. g6 Bxf5
40. Kxf5 c2 {Normal} 0-1

[Event "Rated Blitz tournament QBP2rB6P"]
[Site "?"]
[Date "2021.04.12"]
[Round "?"]
[White "mukhIN_vladIK"]
[Black "dr_xStranger"]
[Result "1-0"]
[WhiteElo "2445"]
[BlackElo "2551"]
[PlyCount "127"]
[EventDate "2021.??.??"]
[EventType "blitz"]

1. e4 e5 2. Nf3 d5 3. Nxe5 Bd6 4. d4 dxe4 5. Nc4 Nf6 6. Bg5 O-O 7. Nc3 Re8 8.
Nd5 Be7 9. Nxe7+ Qxe7 10. Be2 h6 11. Bh4 Nc6 12. O-O Be6 13. Ne3 Rad8 14. c3
Bc8 15. Qb3 b6 16. Rae1 Na5 17. Qc2 Be6 18. b3 c5 19. dxc5 bxc5 20. Bb5 Bd7 21.
Nd5 Qe5 22. Bxf6 gxf6 23. Bxd7 Rxd7 24. Rxe4 Rxd5 25. Rxe5 Rdxe5 26. b4 cxb4
27. cxb4 Nb7 28. Qc7 Nd8 29. f4 R5e7 30. Qc8 Ne6 31. Qc3 Ng7 32. Qxf6 Re6 33.
Qc3 Re3 34. Qf6 R8e6 35. Qh4 Rg6 36. f5 Rg5 37. Qxh6 f6 38. h4 Rgg3 39. Qxf6
Re2 40. Qc6 Rgxg2+ 41. Qxg2 Rxg2+ 42. Kxg2 Kf7 43. f6 Nh5 44. Kf3 Nxf6 45. Ke3
Ke6 46. Rxf6+ Kxf6 47. Kd4 Ke6 48. Kc5 Kd7 49. Kb5 Kc7 50. Ka6 Kb8 51. h5 Kc7
52. h6 Kb8 53. h7 Kc7 54. h8=Q Kc6 55. Qh5 Kd6 56. Qc5+ Ke6 57. Kxa7 Kd7 58. b5
Kd8 59. b6 Kd7 60. b7 Ke6 61. b8=Q Kf6 62. Qbb6+ Kf7 63. Qcc7+ Ke8 64. Qbb8# {
Normal} 1-0

[Event "Rated Blitz game"]
[Site "?"]
[Date "2021.04.12"]
[Round "?"]
[White "Lipsrow4"]
[Black "Almalik25"]
[Result "0-1"]
[WhiteElo "2412"]
[BlackElo "2312"]
[PlyCount "60"]
[EventDate "2021.??.??"]
[EventType "blitz"]

1. e4 e5 2. Nf3 d5 3. exd5 e4 4. Qe2 Nf6 5. d3 Bd6 6. dxe4 O-O 7. Nc3 Bg4 8.
Bg5 Re8 9. O-O-O Nbd7 10. h3 Bh5 11. g4 Bg6 12. Nh4 h6 13. Nxg6 hxg5 14. h4
fxg6 15. hxg5 Bf4+ 16. Kb1 Bxg5 17. Qf3 Ne5 18. Qh3 a6 19. d6 cxd6 20. Nd5 b5
21. f4 Nxd5 22. fxg5 Nf4 23. Qb3+ Ne6 24. Be2 Qxg5 25. Rxd6 Qe7 26. Rd5 Nc6 27.
Qh3 Nf4 28. Qh7+ Kf7 29. Rf1 Qxe4 30. Bf3 Qxf3 {Normal} 0-1

[Event "Rated Blitz game"]
[Site "?"]
[Date "2021.04.12"]
[Round "?"]
[White "EisernerTiger"]
[Black "Chessbear_163"]
[Result "1-0"]
[WhiteElo "2419"]
[BlackElo "2323"]
[PlyCount "57"]
[EventDate "2021.??.??"]
[EventType "blitz"]

1. e4 e5 2. Nf3 d5 3. Nxe5 Bd6 4. d4 Bxe5 5. dxe5 dxe4 6. Qxd8+ Kxd8 7. Bc4 Nc6
8. Bf4 Be6 9. Bxe6 fxe6 10. Nc3 e3 11. fxe3 Nge7 12. O-O-O+ Ke8 13. Ne4 Ng6 14.
Nc5 Ngxe5 15. Nxe6 Kf7 16. Nxc7 Rac8 17. Nb5 Ke6 18. Rd6+ Ke7 19. Rd5 Ke6 20.
Rhd1 h6 21. Nxa7 Nxa7 22. Rxe5+ Kf6 23. Rd6+ Kf7 24. Rd7+ Kg6 25. Ree7 Rhg8 26.
Be5 Nc6 27. Rxg7+ Rxg7 28. Rxg7+ Kf5 29. Bc3 {Normal} 1-0

[Event "Rated Blitz tournament QBP2rB6P"]
[Site "?"]
[Date "2021.04.12"]
[Round "?"]
[White "ChessStruggle"]
[Black "dr_xStranger"]
[Result "0-1"]
[WhiteElo "2292"]
[BlackElo "2547"]
[PlyCount "30"]
[EventDate "2021.??.??"]
[EventType "blitz"]

1. e4 e5 2. Nf3 d5 3. exd5 e4 4. Ng1 Qxd5 5. d3 Nf6 6. Nc3 Bb4 7. Be3 O-O 8.
dxe4 Bxc3+ 9. bxc3 Qxe4 10. Nf3 Nc6 11. Bd3 Qe7 12. O-O Bg4 13. h3 Bh5 14. Rb1
Rad8 15. Qe2 Ne5 {Normal} 0-1

[Event "Rated Blitz game"]
[Site "?"]
[Date "2021.04.12"]
[Round "?"]
[White "kari12"]
[Black "King_bg03"]
[Result "1-0"]
[WhiteElo "2574"]
[BlackElo "2547"]
[PlyCount "121"]
[EventDate "2021.??.??"]
[EventType "blitz"]

1. e4 e5 2. Nf3 d5 3. Nxe5 Bd6 4. d4 dxe4 5. Nc3 Bxe5 6. dxe5 Qxd1+ 7. Kxd1
Bg4+ 8. Be2 Bxe2+ 9. Kxe2 Nc6 10. Be3 O-O-O 11. Nxe4 Nxe5 12. Rad1 Ne7 13. f3
Nd5 14. Bc1 f5 15. Ng5 Rhe8 16. Kf2 h6 17. Nh3 g5 18. Rhe1 Nb4 19. Rxd8+ Kxd8
20. Re2 Ned3+ 21. cxd3 Nxd3+ 22. Kf1 Rxe2 23. Bxg5+ hxg5 24. Kxe2 Nxb2 25. Nxg5
Ke7 26. g4 Kf6 27. h4 Na4 28. Nh7+ Kg7 29. Ng5 fxg4 30. fxg4 Nc3+ 31. Kd3 Nxa2
32. Ne6+ Kh6 33. g5+ Kh5 34. Nf4+ Kxh4 35. g6 Nb4+ 36. Kc4 Nc6 37. g7 Ne7 38.
Ng6+ Nxg6 39. g8=Q Kg5 40. Qd8+ Kf5 41. Qxc7 Ne5+ 42. Kb3 Nc6 43. Kb2 Ke6 44.
Qxb7 Kd5 45. Qb5+ Kd6 46. Qd3+ Kc5 47. Kb3 Nd4+ 48. Ka4 a6 49. Qxa6 Nc6 50.
Qb5+ Kd6 51. Qh5 Ne5 52. Kb4 Ke6 53. Kc5 Nd7+ 54. Kd4 Nf6 55. Qe5+ Kf7 56. Qc7+
Kg6 57. Ke5 Ng4+ 58. Kf4 Nh6 59. Qd6+ Kh5 60. Qf6 Nf7 61. Qxf7+ {Normal} 1-0

[Event "Rated Blitz game"]
[Site "?"]
[Date "2021.04.12"]
[Round "?"]
[White "RatzFatzWeg"]
[Black "Azimi70"]
[Result "1-0"]
[WhiteElo "2490"]
[BlackElo "2275"]
[PlyCount "27"]
[EventDate "2021.??.??"]
[EventType "blitz"]

1. e4 e5 2. Nf3 d5 3. exd5 e4 4. Qe2 Nf6 5. d3 Qxd5 6. Nbd2 Be7 7. dxe4 Qd8 8.
Qd3 Bd7 9. Be2 O-O 10. O-O Nc6 11. c3 Bd6 12. Nc4 Ne5 13. Ncxe5 Bxe5 14. Nxe5 {
Normal} 1-0

[Event "Rated Blitz tournament nz33GRzI"]
[Site "?"]
[Date "2021.04.12"]
[Round "?"]
[White "ocmoen"]
[Black "Mv17"]
[Result "1-0"]
[WhiteElo "2333"]
[BlackElo "2575"]
[PlyCount "53"]
[EventDate "2021.??.??"]
[EventType "blitz"]

1. e4 e5 2. Nf3 d5 3. exd5 e4 4. Ne5 Qxd5 5. d4 exd3 6. Nxd3 Nc6 7. Nc3 Qf5 8.
Bf4 Nf6 9. Bxc7 Be7 10. Qf3 Qxf3 11. gxf3 Nd4 12. O-O-O O-O 13. Bg2 Be6 14. Nf4
Bc5 15. Be5 Nc6 16. Nxe6 fxe6 17. f4 Nxe5 18. fxe5 Ng4 19. Ne4 Bb6 20. Rhf1
Nxh2 21. Rh1 Ng4 22. Rd7 Rab8 23. Bh3 Nxe5 24. Bxe6+ Kh8 25. Ng5 h6 26. Rxh6+
gxh6 27. Rh7# {Normal} 1-0

[Event "Rated Blitz game"]
[Site "?"]
[Date "2021.04.12"]
[Round "?"]
[White "satlan"]
[Black "Dzon_Vejn"]
[Result "0-1"]
[WhiteElo "2448"]
[BlackElo "2396"]
[PlyCount "64"]
[EventDate "2021.??.??"]
[EventType "blitz"]

1. e4 e5 2. Nf3 d5 3. Nc3 dxe4 4. Nxe4 Nf6 5. Nxf6+ Qxf6 6. d4 exd4 7. Bg5 Qe6+
8. Be2 Nc6 9. O-O Bc5 10. Re1 O-O 11. Bd3 Qd6 12. Qd2 Bg4 13. Bf4 Qd7 14. Ne5
Nxe5 15. Bxe5 h6 16. Qf4 Bb6 17. h3 Bh5 18. Bxg7 Kxg7 19. Qe5+ Kg8 20. Qxh5 Kg7
21. Re4 Rh8 22. Rae1 Kf8 23. Qe5 Rg8 24. Qf6 Qd6 25. Re6 Qd5 26. Qxh6+ Rg7 27.
Qh8+ Rg8 28. Qh6+ Rg7 29. R6e4 Qg5 30. Qh8+ Rg8 31. Rg4 Qxg4 32. Qh6+ Qg7 {
Time forfeit} 0-1

[Event "Rated Blitz game"]
[Site "?"]
[Date "2021.04.12"]
[Round "?"]
[White "ProChessor_YouTube"]
[Black "Chessbear_163"]
[Result "1-0"]
[WhiteElo "2433"]
[BlackElo "2351"]
[PlyCount "83"]
[EventDate "2021.??.??"]
[EventType "blitz"]

1. e4 e5 2. Nf3 d5 3. Nxe5 Bd6 4. d4 dxe4 5. Bc4 Bxe5 6. dxe5 Qxd1+ 7. Kxd1 Nc6
8. Bf4 Bf5 9. c3 Rd8+ 10. Ke2 Nge7 11. Bg3 Ng6 12. Bb5 Bg4+ 13. Ke3 Bf5 14. Nd2
Nge7 15. Nxe4 O-O 16. Rad1 Rxd1 17. Rxd1 Re8 18. f4 a6 19. Ba4 b5 20. Bb3 Bg4
21. Rd2 Nf5+ 22. Kf2 h5 23. h3 h4 24. hxg4 Nxg3 25. Nxg3 hxg3+ 26. Kxg3 Kf8 27.
Rd7 Re7 28. Rxe7 Kxe7 29. Kf3 f6 30. exf6+ Kxf6 31. Ke4 Na5 32. g5+ Ke7 33. g4
c5 34. Ke5 Nb7 35. f5 Nd6 36. f6+ gxf6+ 37. gxf6+ Kd7 38. Be6+ Kc7 39. f7 Nxf7+
40. Bxf7 b4 41. g5 bxc3 42. bxc3 {Normal} 1-0

[Event "Rated Blitz game"]
[Site "?"]
[Date "2021.04.12"]
[Round "?"]
[White "kaloczajunky"]
[Black "emiliofelixramirez"]
[Result "0-1"]
[WhiteElo "2427"]
[BlackElo "2356"]
[PlyCount "86"]
[EventDate "2021.??.??"]
[EventType "blitz"]

1. e4 e5 2. Nf3 d5 3. Nxe5 Bd6 4. d4 dxe4 5. Bc4 Bxe5 6. dxe5 Qxd1+ 7. Kxd1 Nc6
8. Bf4 Bf5 9. Nc3 Nge7 10. Nb5 O-O-O+ 11. Ke2 a6 12. Na3 Ng6 13. Bg5 Rd7 14. e6
fxe6 15. c3 Nce5 16. Bb3 Nd3 17. Rab1 Ngf4+ 18. Bxf4 Nxf4+ 19. Kf1 e3 20. fxe3
Bxb1 21. exf4 Bf5 22. Kf2 Rd2+ 23. Ke3 Rxg2 24. Nc4 b5 25. Ne5 Rxb2 26. Rg1 g6
27. h4 Rh2 28. c4 b4 29. Kd4 Rxh4 30. Rf1 Kb7 31. Kc5 a5 32. Ba4 Rh2 33. Bc6+
Kc8 34. Bd7+ Kb8 35. Nc6+ Ka8 36. Nxa5 Rxa2 37. Nc6 b3 38. Nb4 Ra5+ 39. Kc6 b2
40. Kxc7 b1=Q 41. Bc6+ Ka7 42. Rxb1 Bxb1 43. Bb5 Be4 {Normal} 0-1

[Event "Rated Blitz game"]
[Site "?"]
[Date "2021.04.12"]
[Round "?"]
[White "checkmamy"]
[Black "GrandeGila"]
[Result "0-1"]
[WhiteElo "2404"]
[BlackElo "2454"]
[PlyCount "24"]
[EventDate "2021.??.??"]
[EventType "blitz"]

1. e4 e5 2. Nf3 d5 3. exd5 e4 4. Qe2 Nf6 5. Nc3 Be7 6. Nxe4 Nxd5 7. d3 O-O 8.
g3 Re8 9. Bg2 f5 10. Nc3 Bb4 11. Be3 Nxc3 12. bxc3 Bxc3+ {Normal} 0-1

[Event "Rated Blitz game"]
[Site "?"]
[Date "2021.04.12"]
[Round "?"]
[White "Shahnazcity"]
[Black "Jomajo"]
[Result "0-1"]
[WhiteElo "2476"]
[BlackElo "2623"]
[PlyCount "57"]
[EventDate "2021.??.??"]
[EventType "blitz"]

1. e4 e5 2. Nf3 d5 3. exd5 e4 4. Qe2 Qe7 5. Nd4 Nf6 6. Nc3 Qe5 7. Nf3 Qe7 8.
Ng5 Bg4 9. f3 exf3 10. Qxe7+ Bxe7 11. Nxf3 Bxf3 12. gxf3 O-O 13. d4 Bb4 14. Rg1
Nxd5 15. Bh6 Re8+ 16. Kf2 Bxc3 17. Rxg7+ Kh8 18. bxc3 Re6 19. Bc4 Rxh6 20. Rag1
Ne7 21. Rxf7 Ng6 22. Rxc7 Nc6 23. Rg2 Rf8 24. Rxb7 Na5 25. Bd5 Nxb7 26. Bxb7
Nf4 27. Rg4 Rxh2+ 28. Kf1 Rxc2 29. Be4 {Normal} 0-1

[Event "Rated Blitz tournament QBP2rB6P"]
[Site "?"]
[Date "2021.04.12"]
[Round "?"]
[White "jeggerm"]
[Black "b00gie-w00gie"]
[Result "1-0"]
[WhiteElo "2416"]
[BlackElo "2204"]
[PlyCount "75"]
[EventDate "2021.??.??"]
[EventType "blitz"]

1. e4 e5 2. Nf3 d5 3. exd5 e4 4. Qe2 Nf6 5. Nc3 Be7 6. Nxe4 O-O 7. d3 Nxd5 8.
Qd1 f5 9. Nc3 Bb4 10. Bd2 Re8+ 11. Be2 Bxc3 12. bxc3 Qe7 13. c4 Nf6 14. Bc3 f4
15. Qd2 Bg4 16. Bxf6 Qxf6 17. O-O Nc6 18. Rfe1 Rad8 19. Rab1 b6 20. h3 Bh5 21.
Rb5 Bg6 22. Bf1 Rf8 23. Ne5 Nxe5 24. Rbxe5 f3 25. g3 c5 26. Qe3 Rd4 27. c3 Rd7
28. d4 cxd4 29. cxd4 Bf5 30. Qxf3 Qg6 31. Qe3 Rdf7 32. Re8 Qc6 33. Rxf8+ Rxf8
34. d5 Qc8 35. h4 Bh3 36. Bxh3 Qxh3 37. Qe6+ Kh8 38. Qxh3 {Normal} 1-0

[Event "Rated Blitz tournament QBP2rB6P"]
[Site "?"]
[Date "2021.04.12"]
[Round "?"]
[White "Korel"]
[Black "babageldi2277"]
[Result "1-0"]
[WhiteElo "2264"]
[BlackElo "2632"]
[PlyCount "101"]
[EventDate "2021.??.??"]
[EventType "blitz"]

1. e4 e5 2. Nf3 d5 3. Nxe5 Bd6 4. d4 dxe4 5. Nc4 Nf6 6. Nxd6+ cxd6 7. c4 O-O 8.
Nc3 Nc6 9. Be3 d5 10. cxd5 Nxd5 11. Nxd5 Qxd5 12. Qb3 Be6 13. Qxd5 Bxd5 14. Bb5
Nb4 15. O-O Nxa2 16. Bd2 Rfc8 17. Ba4 a5 18. b3 Rc2 19. Be3 h6 20. b4 Rb2 21.
bxa5 b5 22. Bd1 b4 23. Bc1 Nxc1 24. Rxc1 Rxa5 25. Bg4 Be6 26. Bxe6 fxe6 27.
Rfe1 Raa2 28. Rxe4 Rxf2 29. Rg4 b3 30. Rb1 b2 31. Kxf2 Kf7 32. Re4 Kf6 33. Re2
Ra4 34. Rd2 Rxd4 35. Rxd4 e5 36. Rd2 Kf5 37. Rbxb2 g5 38. Re2 Kg4 39. g3 h5 40.
Re4+ Kh3 41. Rbb4 h4 42. gxh4 g4 43. Rxg4 e4 44. Rg3+ Kxh4 45. Rxe4+ Kh5 46.
Ree3 Kh4 47. Ref3 Kh5 48. Kg2 Kh4 49. Rf4+ Kh5 50. Rfg4 Kh6 51. Rh3# {Normal}
1-0

[Event "Rated Blitz tournament nz33GRzI"]
[Site "?"]
[Date "2021.04.12"]
[Round "?"]
[White "h7s"]
[Black "Mv17"]
[Result "1-0"]
[WhiteElo "2315"]
[BlackElo "2582"]
[PlyCount "157"]
[EventDate "2021.??.??"]
[EventType "blitz"]

1. e4 e5 2. Nf3 d5 3. Nxe5 Bd6 4. d4 dxe4 5. Nc4 Be7 6. Be3 Nf6 7. Nc3 O-O 8.
Be2 Nc6 9. O-O Be6 10. Ne5 Nxe5 11. dxe5 Nd7 12. Nxe4 Nxe5 13. b3 Bf5 14. Ng3
Qxd1 15. Raxd1 Bg4 16. Bxg4 Nxg4 17. Bf4 Rfd8 18. Bxc7 Rxd1 19. Rxd1 Rc8 20.
Bd6 Rd8 21. Nf5 Bf8 22. Rd4 Bxd6 23. Rxd6 Re8 24. Ne3 Nxe3 25. fxe3 g6 26. Kf2
Re7 27. c4 Kg7 28. Kf3 b6 29. a3 Rc7 30. Ke4 Kf8 31. Kd3 Ke7 32. Rd4 h5 33. b4
Rc6 34. Re4+ Kf6 35. Rf4+ Ke6 36. Re4+ Kf6 37. Rd4 Ke6 38. e4 Rc7 39. Rd5 Rc8
40. Kd4 f5 41. exf5+ gxf5 42. Re5+ Kf6 43. Rd5 Rg8 44. g3 Ke6 45. Re5+ Kf6 46.
Re3 Rd8+ 47. Kc3 Rc8 48. a4 Rc7 49. a5 bxa5 50. bxa5 a6 51. Kd4 f4 52. gxf4 Kf5
53. Re5+ Kg4 54. Rg5+ Kh4 55. Rg6 Kh3 56. Rh6 Kg4 57. h3+ Kh4 58. Kd5 Rf7 59.
Ke5 Rc7 60. Kd5 Rf7 61. Rxa6 Kxh3 62. Ke5 h4 63. c5 Kg4 64. Rg6+ Kf3 65. Rh6
Rxf4 66. c6 Rc4 67. Kd5 Ra4 68. c7 Rxa5+ 69. Kc6 Ra6+ 70. Kb7 Rxh6 71. c8=Q Rf6
72. Qc3+ Kg2 73. Qxf6 h3 74. Qg5+ Kh1 75. Qd5+ Kg1 76. Qd4+ Kg2 77. Qg4+ Kh2
78. Kc6 Kh1 79. Qxh3+ {Normal} 1-0

[Event "Rated Blitz game"]
[Site "?"]
[Date "2021.04.12"]
[Round "?"]
[White "Italiangangster"]
[Black "Winquitter"]
[Result "0-1"]
[WhiteElo "2670"]
[BlackElo "2565"]
[PlyCount "98"]
[EventDate "2021.??.??"]
[EventType "blitz"]

1. e4 e5 2. Nf3 d5 3. d3 dxe4 4. dxe4 Qxd1+ 5. Kxd1 Bc5 6. Ke1 f6 7. Bc4 Ke7 8.
Nbd2 Be6 9. Ke2 Nh6 10. Bxe6 Kxe6 11. Nb3 Bb6 12. Bxh6 gxh6 13. g3 Nc6 14. c3
h5 15. Rad1 Ne7 16. Nh4 Rhg8 17. h3 Rg7 18. Rd3 Rf8 19. Rf3 f5 20. exf5+ Nxf5
21. Nxf5 Rxf5 22. Rxf5 Kxf5 23. Rd1 h4 24. g4+ Ke6 25. Nd2 h5 26. gxh5 Rh7 27.
Ne4 Rxh5 28. Rg1 a5 29. a4 Rf5 30. Rg4 Rf4 31. f3 Kd5 32. Rxf4 exf4 33. Kd3 Be3
34. b3 c6 35. b4 b5 36. axb5 a4 37. bxc6 Kxc6 38. Kc4 Kb6 39. Nf6 Bd2 40. Kd3
a3 41. Kc2 a2 42. Ne4 a1=Q 43. Nxd2 Qa2+ 44. Kd3 Qd5+ 45. Kc2 Qf5+ 46. Kb3 Qxh3
47. Nc4+ Ka7 48. Ne5 Qe6+ 49. Nc4 h3 {Normal} 0-1

[Event "Rated Blitz tournament QBP2rB6P"]
[Site "?"]
[Date "2021.04.12"]
[Round "?"]
[White "Oleg946"]
[Black "ChessMeraki"]
[Result "0-1"]
[WhiteElo "2414"]
[BlackElo "2372"]
[PlyCount "36"]
[EventDate "2021.??.??"]
[EventType "blitz"]

1. e4 e5 2. Nf3 d5 3. exd5 e4 4. Qe2 Nf6 5. d3 Qxd5 6. Nbd2 Nc6 7. Nxe4 Be6 8.
Nxf6+ gxf6 9. Qe4 Qd7 10. Bd2 O-O-O 11. O-O-O Bxa2 12. Qa4 Be6 13. d4 Qd5 14.
c4 Qe4 15. d5 Bf5 16. Bc3 Ne5 17. Nxe5 Bh6+ 18. f4 Bxf4+ {Normal} 0-1

[Event "Rated Blitz game"]
[Site "?"]
[Date "2021.04.12"]
[Round "?"]
[White "KoronaVirusMaster"]
[Black "Trompatzer"]
[Result "1/2-1/2"]
[WhiteElo "2420"]
[BlackElo "2405"]
[PlyCount "117"]
[EventDate "2021.??.??"]
[EventType "blitz"]

1. e4 e5 2. Nf3 d5 3. exd5 Bd6 4. d3 f5 5. c4 Nf6 6. Nc3 O-O 7. Be2 c6 8. Bg5
h6 9. Bxf6 Qxf6 10. Qb3 Na6 11. O-O-O Rb8 12. Kb1 Bd7 13. Rhe1 Rfe8 14. Bf1 Nc5
15. Qc2 a5 16. Qd2 e4 17. dxe4 Nxe4 18. Nxe4 fxe4 19. Nd4 Bb4 20. Qe3 Bxe1 21.
Rxe1 cxd5 22. cxd5 Rbc8 23. g3 Re5 24. Bg2 Rxd5 25. Nb3 a4 26. Bxe4 Bf5 27. Nd2
Re8 28. f3 Qd8 29. Nc4 Rd1+ 30. Kc2 Bxe4+ 31. fxe4 Rxe1 32. Qxe1 Qd4 33. Nd2 b5
34. Qe2 b4 35. Qc4+ Qxc4+ 36. Nxc4 Rxe4 37. Kd3 Re8 38. Nb6 Rd8+ 39. Kc2 a3 40.
bxa3 bxa3 41. Nc4 Rc8 42. Kb3 Ra8 43. Nxa3 Ra5 44. Nc4 Rh5 45. h4 Rf5 46. a4
Rf3+ 47. Kb4 Rxg3 48. a5 Rg1 49. a6 Rb1+ 50. Kc5 Rb8 51. Nb6 g5 52. hxg5 hxg5
53. a7 Rf8 54. a8=Q Rxa8 55. Nxa8 g4 56. Kd4 g3 57. Ke3 g2 58. Kf2 g1=Q+ 59.
Kxg1 {Normal} 1/2-1/2

[Event "Rated Blitz game"]
[Site "?"]
[Date "2021.04.12"]
[Round "?"]
[White "Majasystem"]
[Black "Chessbear_163"]
[Result "1-0"]
[WhiteElo "2419"]
[BlackElo "2331"]
[PlyCount "59"]
[EventDate "2021.??.??"]
[EventType "blitz"]

1. e4 e5 2. Nf3 d5 3. d4 dxe4 4. Nxe5 Bd6 5. Qh5 g6 6. Qe2 Nf6 7. Nc3 Bf5 8.
Bg5 h6 9. Bxf6 Qxf6 10. Nxe4 Bxe4 11. Qxe4 O-O 12. Bc4 Bxe5 13. dxe5 Qg5 14. f4
Qh4+ 15. g3 Qh5 16. O-O Nc6 17. f5 gxf5 18. Rxf5 Qg6 19. Raf1 Kg7 20. Rxf7+
Rxf7 21. Rxf7+ Qxf7 22. Bxf7 Kxf7 23. Qf5+ Ke7 24. Qf6+ Kd7 25. Qf7+ Kc8 26.
Qe8+ Nd8 27. e6 c6 28. e7 Kc7 29. Kg2 a5 30. Kh3 {Normal} 1-0

[Event "Rated Blitz game"]
[Site "?"]
[Date "2021.04.12"]
[Round "?"]
[White "Gabryfish91"]
[Black "GrandeGila"]
[Result "0-1"]
[WhiteElo "2278"]
[BlackElo "2458"]
[PlyCount "38"]
[EventDate "2021.??.??"]
[EventType "blitz"]

1. e4 e5 2. Nf3 d5 3. Nxe5 Bd6 4. d4 dxe4 5. Nc3 Bxe5 6. dxe5 Qxd1+ 7. Kxd1 Nc6
8. Bf4 Bf5 9. Bb5 O-O-O+ 10. Kc1 Nge7 11. h3 Nd4 12. Bc4 Ng6 13. Bg3 Rd7 14.
Re1 Re8 15. Nxe4 Nxe5 16. Nc5 Rde7 17. Bxe5 Rxe5 18. Rxe5 Rxe5 19. Nd3 Bxd3 {
Normal} 0-1

[Event "Rated Blitz game"]
[Site "?"]
[Date "2021.04.12"]
[Round "?"]
[White "Chessbear_163"]
[Black "annaly1979"]
[Result "1-0"]
[WhiteElo "2349"]
[BlackElo "2403"]
[PlyCount "48"]
[EventDate "2021.??.??"]
[EventType "blitz"]

1. e4 e5 2. Nf3 d5 3. Nc3 dxe4 4. Nxe4 f5 5. Nc3 e4 6. Ng1 Bc5 7. d4 Qxd4 8.
Qxd4 Bxd4 9. Bd2 Nf6 10. O-O-O Bxf2 11. Nh3 Bb6 12. Bc4 Nc6 13. Ng5 Rf8 14. Bf4
h6 15. Ne6 Bxe6 16. Bxe6 Ke7 17. Bxf5 Ng8 18. Nd5+ Kf7 19. Bxe4 Nf6 20. Nxf6
Kxf6 21. Rhf1 g5 22. Bd6+ Kg7 23. Bxf8+ Rxf8 24. Rd7+ Kg8 {Normal} 1-0

[Event "Rated Blitz game"]
[Site "?"]
[Date "2021.04.12"]
[Round "?"]
[White "aaQwrD"]
[Black "Mettigel"]
[Result "1-0"]
[WhiteElo "2420"]
[BlackElo "2453"]
[PlyCount "75"]
[EventDate "2021.??.??"]
[EventType "blitz"]

1. e4 e5 2. Nf3 d5 3. exd5 e4 4. Nd4 Qxd5 5. Nb3 Nf6 6. Nc3 Qe5 7. Be2 Bd6 8.
d4 exd3 9. Qxd3 O-O 10. Be3 Bf5 11. Qd4 Nc6 12. Qxe5 Bxe5 13. O-O-O a6 14. Nd5
Nxd5 15. Rxd5 Be6 16. Rdd1 Rad8 17. Bf3 Rxd1+ 18. Rxd1 Rd8 19. Nc5 Rxd1+ 20.
Kxd1 Bxa2 21. Nxb7 Ne7 22. b3 Kf8 23. Bc5 Ke8 24. Na5 Kd7 25. Nc4 Bf6 26. Bb7
h5 27. Kc1 h4 28. Ba3 Nc6 29. Bxc6+ Kxc6 30. Bb2 Bg5+ 31. Nd2 f6 32. Bc3 Kd5
33. Kb2 Bxb3 34. Kxb3 c5 35. Nf3 c4+ 36. Kb4 h3 37. gxh3 Bf4 38. Ka5 {Normal}
1-0

[Event "Rated Blitz game"]
[Site "?"]
[Date "2021.04.12"]
[Round "?"]
[White "Snipy"]
[Black "Chessbear_163"]
[Result "0-1"]
[WhiteElo "2413"]
[BlackElo "2337"]
[PlyCount "22"]
[EventDate "2021.??.??"]
[EventType "blitz"]

1. e4 e5 2. Nf3 d5 3. Nc3 d4 4. Nb1 Bd6 5. Bc4 Ne7 6. d3 O-O 7. Nbd2 h6 8. Nf1
c5 9. a4 Nbc6 10. h3 Kh8 11. g3 f5 {Normal} 0-1

[Event "Rated Blitz tournament nz33GRzI"]
[Site "?"]
[Date "2021.04.12"]
[Round "?"]
[White "BadAsMe"]
[Black "Mv17"]
[Result "1-0"]
[WhiteElo "2452"]
[BlackElo "2572"]
[PlyCount "83"]
[EventDate "2021.??.??"]
[EventType "blitz"]

1. e4 e5 2. Nf3 d5 3. Nxe5 Bd6 4. d4 dxe4 5. Nc4 Be7 6. Nc3 Nf6 7. Bf4 O-O 8.
Qd2 Bg4 9. h3 Bh5 10. Be2 Bxe2 11. Nxe2 Nd5 12. O-O Nc6 13. Rad1 Re8 14. Bg3
Bg5 15. Ne3 Bxe3 16. fxe3 Qg5 17. Bf4 Qe7 18. a3 b5 19. Bh2 a5 20. Rf5 Qd7 21.
Rdf1 Re7 22. Nc3 Nxc3 23. Qxc3 b4 24. axb4 axb4 25. Qc4 g6 26. Rf6 Nd8 27. Qxb4
Re6 28. Be5 Nc6 29. Qc3 Nxe5 30. dxe5 Rxf6 31. exf6 Qd6 32. Qd4 Qc6 33. c4 Re8
34. b4 Qa4 35. b5 h6 36. Kh2 Qa3 37. Rf4 Qa8 38. c5 Qb8 39. Rxe4 Qxb5 40. Re7
Qc6 41. Qe5 Rc8 42. Rxf7 {Normal} 1-0

[Event "Rated Blitz game"]
[Site "?"]
[Date "2021.04.12"]
[Round "?"]
[White "Chessie07"]
[Black "Taabling"]
[Result "0-1"]
[WhiteElo "2343"]
[BlackElo "2400"]
[PlyCount "74"]
[EventDate "2021.??.??"]
[EventType "blitz"]

1. e4 e5 2. Nf3 d5 3. exd5 Bd6 4. d4 e4 5. Ne5 Nf6 6. Bb5+ c6 7. dxc6 O-O 8.
cxb7 Bxb7 9. O-O Qc7 10. Bf4 Nc6 11. Bxc6 Bxc6 12. c4 Rad8 13. c5 Bxe5 14. Bxe5
Qb7 15. Qb3 Qc8 16. Nc3 Qg4 17. Nd1 Nd5 18. Ne3 Qg6 19. Nxd5 Bxd5 20. Qg3 Qh6
21. Qe3 Qg6 22. b3 f6 23. Bd6 Rf7 24. Rac1 f5 25. Bf4 h6 26. Rc3 Qe6 27. Rfc1
Rc8 28. Be5 g5 29. Qh3 Rc6 30. Qh5 f4 31. b4 Ra6 32. b5 Rxa2 33. c6 e3 34. fxe3
Rxg2+ 35. Kf1 fxe3+ 36. Ke1 Rff2 37. c7 Rg1# {Normal} 0-1

[Event "Rated Blitz game"]
[Site "?"]
[Date "2021.04.12"]
[Round "?"]
[White "crackcubano"]
[Black "Jomajo"]
[Result "1-0"]
[WhiteElo "2659"]
[BlackElo "2645"]
[PlyCount "47"]
[EventDate "2021.??.??"]
[EventType "blitz"]

1. e4 e5 2. Nf3 d5 3. exd5 e4 4. Ne5 Qxd5 5. d4 exd3 6. Nxd3 Nc6 7. Nc3 Qa5 8.
Be2 Nf6 9. O-O Bd6 10. Bf3 O-O 11. Be3 Qf5 12. h3 Ne5 13. Nxe5 Qxe5 14. Re1
Qh2+ 15. Kf1 Re8 16. Nb5 Be6 17. Nxd6 cxd6 18. b3 d5 19. Qd4 Ne4 20. c4 Rad8
21. Rad1 Bxh3 22. gxh3 Qxh3+ 23. Bg2 Qf5 24. cxd5 {Normal} 1-0

[Event "Rated Blitz game"]
[Site "?"]
[Date "2021.04.12"]
[Round "?"]
[White "alexandar71"]
[Black "Jomajo"]
[Result "0-1"]
[WhiteElo "2599"]
[BlackElo "2627"]
[PlyCount "92"]
[EventDate "2021.??.??"]
[EventType "blitz"]

1. e4 e5 2. Nf3 d5 3. exd5 e4 4. Qe2 Qe7 5. Nd4 Nf6 6. d3 exd3 7. Qxe7+ Bxe7 8.
Bxd3 Nxd5 9. O-O O-O 10. Re1 Bf6 11. c3 Bxd4 12. cxd4 Nc6 13. Be4 Be6 14. Nc3
Rad8 15. Bg5 Rd7 16. Nxd5 Bxd5 17. Bf5 Rd6 18. Be7 Nxe7 19. Rxe7 Rc6 20. a3 g6
21. Bd3 Rd8 22. Rae1 Be6 23. Be4 Rc4 24. b3 Rc3 25. d5 Bxd5 26. Bxd5 Rxd5 27.
g3 Rd2 28. R1e3 Rxe3 29. fxe3 Rc2 30. Re8+ Kg7 31. b4 Rc3 32. Kf2 Rxa3 33. Rb8
Ra2+ 34. Kf3 b6 35. Rb7 c6 36. Rc7 Rb2 37. Rxc6 Rxb4 38. e4 a5 39. Rc7 a4 40.
Ra7 b5 41. h4 Rb3+ 42. Kf4 a3 43. e5 Kf8 44. Kg5 Rxg3+ 45. Kh6 b4 46. Kxh7 Re3
{Normal} 0-1

[Event "Rated Blitz game"]
[Site "?"]
[Date "2021.04.12"]
[Round "?"]
[White "Satsanga"]
[Black "KamranShirazi"]
[Result "1-0"]
[WhiteElo "2389"]
[BlackElo "2546"]
[PlyCount "59"]
[EventDate "2021.??.??"]
[EventType "blitz"]

1. e4 e5 2. Nf3 d5 3. d3 dxe4 4. dxe4 Qxd1+ 5. Kxd1 Nc6 6. c3 Bg4 7. Be3 O-O-O+
8. Nbd2 Nf6 9. Kc2 Bh5 10. Bb5 Ng4 11. Bxc6 Nxe3+ 12. fxe3 bxc6 13. Nxe5 Kb7
14. g4 Bd6 15. gxh5 Bxe5 16. Nc4 Rhe8 17. Raf1 Bf6 18. e5 Bxe5 19. Rxf7 h6 20.
Nxe5 Rxe5 21. Rxg7 Rxe3 22. Rf1 Re2+ 23. Kb3 Rdd2 24. Rff7 Rxb2+ 25. Kc4 Re4+
26. Kd3 Rbe2 27. Rxc7+ Kb6 28. Rxa7 R4e3+ 29. Kc4 Rh3 30. Rgb7# {Normal} 1-0